Código del Trabajo y normas complementarias

Сохранить в:
Библиографические подробности
Формат:
Язык:испанский
Опубликовано: Santiago Legis 2009
Редактирование:4a. ed
Предметы:
Метки: Добавить метку
Нет меток, Требуется 1-ая метка записи!

MARC

LEADER 00000nam a2200000 a 4500
001 UCH3184
003 CL-VaPUC
008 090715e20090000CL |||||||||||||||||spa|d
020 |a 9789567498499 
082 0 4 |a 344.8301  |b COD  |2 21 
245 1 0 |a Código del Trabajo y normas complementarias 
250 |a 4a. ed 
300 |a 886 p 
942 |c BK 
945 |d 20090715 00:00:00  |a dcastane 
260 |a Santiago  |b Legis  |c 2009 
650 7 |a CODIGO DEL TRABAJO CHILENO  |2 CL-VaPUC  |9 475308 
650 7 |a DERECHO LABORAL  |2 CL-VaPUC  |9 15 
650 0 |a Contratos de trabajo  |9 254966 
650 7 |a CAPACITACION LABORAL  |2 CL-VaPUC  |9 411356 
650 7 |a SINDICALISMO  |2 CL-VaPUC  |9 538417 
650 0 |a Negociación colectiva  |9 312433 
650 0 |a Jurisprudencia  |9 255952 
583 |a last modification  |c 20090715 00:00:00  |k Rodrigo Vera 
999 |c 334810  |d 334808